000 00514nam a2200181Ia 4500
005 20260429112035.0
008 260429s9999||||xx |||||||||||||| ||und||
020 _a9781804899854
041 _aEnglish
082 _a515.9
_bALB
100 _aAlbert, Lowell
245 0 _aFunctions of one complex variable II /
_cLowell Albert
260 _aUnited Kingdom :
_bBrilliant Publication Ltd. ,
_c2026.
300 _ax, 254 p.; hb
650 _a Mathematical analysis
650 _aComplex variables
942 _cTB
999 _c52034
_d52034